00317nam a22000977a 4500082001200000100002000012245008700032260004100119650002500160700003400185 a200 THE aMishall Fatima  aTH-SOF-1246-Rule Based Semantic Annotation Extraction from Resumes- Mishall Thesis aIslamabadbNUST College of EMEc2015 a MS-CSE-12 MSTHESIS aSupervison Dr. Farooque Azam